000
00235 a2200109 4500
003
Nust
005
20170207154223.0
040
_c
Nust
082
_a
371.33
245
_a
Broken Arrow (VHS-129)
440
_a
Broken Arrow (VHS-129)
538
_a
Duration in Minutes-115
999
_c
195419
_d
195419